000 00517nam a2200217Ia 4500
003 OSt
005 20220928140801.0
006 a|||||r|||| 00| 0
007 ta
008 220927b |||||||| |||| 00| 0 eng d
024 _a11854
037 _cTextual
040 _aSDCL
_cSDCL
_beng
041 _2eng
_aeng
082 _aO-,3M882:g, L3
100 _aNoble R W
_9497644
245 0 _aJoyce Cary.
260 _c1973
942 _hO-,3M882:g, L3
_cTEXL
_2CC
999 _c814272
_d814272